| 000 | 00450cam a2200181ua 4500 | ||
|---|---|---|---|
| 041 |
_aeng _h |
||
| 082 |
_a632 _bMAR/HA |
||
| 100 | _aMarwaha, K K . | ||
| 245 |
_aHand book of crop pest control / _cK K Marwaha. _hTextual Documents |
||
| 250 |
_a1 / _b. |
||
| 260 |
_aNew Delhi : _bKalyani Publishers , _c1994. |
||
| 300 | _a86 ; . | ||
| 504 | _a | ||
| 700 | 1 | _aSiddique, K H . | |
| 700 | 1 | _aSingh, J P . | |
| 942 | _cBK | ||
| 999 |
_c6743 _d6743 |
||